<?xml version="1.0" encoding="UTF-8"?>
<marc:record xmlns:marc="http://www.loc.gov/MARC21/slim">
   <marc:leader>00000nam a2200000 a 4500</marc:leader>
   <marc:datafield ind1="1" ind2=" " tag="100">
      <marc:subfield code="a">Devlin, Dean [Regie]</marc:subfield>
      <marc:subfield code="4">aut</marc:subfield>
      <marc:subfield code="e">Verfasser/-in</marc:subfield>
   </marc:datafield>
   <marc:datafield ind1="1" ind2=" " tag="100">
      <marc:subfield code="a">Condon, Kerry</marc:subfield>
   </marc:datafield>
   <marc:datafield ind1="1" ind2=" " tag="100">
      <marc:subfield code="a">Sheehan, Robert</marc:subfield>
   </marc:datafield>
   <marc:datafield ind1="1" ind2=" " tag="100">
      <marc:subfield code="a">Tennant, David</marc:subfield>
   </marc:datafield>
   <marc:datafield ind1=" " ind2=" " tag="653">
      <marc:subfield code="a">Gefangenschaft</marc:subfield>
   </marc:datafield>
   <marc:datafield ind1=" " ind2=" " tag="653">
      <marc:subfield code="a">Folter</marc:subfield>
   </marc:datafield>
   <marc:datafield ind1=" " ind2=" " tag="653">
      <marc:subfield code="a">Killer</marc:subfield>
   </marc:datafield>
   <marc:datafield ind1=" " ind2=" " tag="653">
      <marc:subfield code="a">Psychose</marc:subfield>
   </marc:datafield>
   <marc:datafield ind1="0" ind2="0" tag="245">
      <marc:subfield code="a">Bad Samaritan [Bildtonträger]</marc:subfield>
   </marc:datafield>
   <marc:datafield ind1="0" ind2="0" tag="245">
      <marc:subfield code="b">im Visier des Killers - manche Türen sollte man nicht öffnen</marc:subfield>
   </marc:datafield>
   <marc:datafield ind1="0" ind2="0" tag="245">
      <marc:subfield code="c">Dean Devlin. Mit David Tennant, Robert Sheehan, Kerry Condon ...</marc:subfield>
   </marc:datafield>
   <marc:datafield ind1=" " ind2="1" tag="264">
      <marc:subfield code="b">Atlas Film</marc:subfield>
      <marc:subfield code="c">2018</marc:subfield>
   </marc:datafield>
   <marc:datafield ind1="1" ind2=" " tag="520">
      <marc:subfield code="a">Angaben aus der Verlagsmeldung : Sean (ROBERT SHEEHAN) und Derek (CARLITO OLIVERO) haben eine einträgliche Geldquelle entdeckt: Der Eine parkt die schicken Autos der Gäste von Ninos Restaurant, der Andere bricht in die leeren Häuser ein, während die Eigentümer nichtsahnend im Restaurant speisen. Monatelang geht alles gut. Bis Sean in einem der luxuriösen Häuser eine junge Frau entdeckt, die in einer dunklen Kammer eingesperrt und angekettet ist. Er versucht die junge Frau zu befreien, doch Cale (DAVID TENNANT), der Besitzer, kehrt früher als erwartet zurück. In Panik flüchtet Sean, hinterlässt jedoch deutliche Spuren. Die Polizei hört sich Seans Geschichte mit großer Skepsis an: Schließlich ist er vorbestraft und Cale ein wohlhabender, vorbildlicher Bürger der Stadt. Dass sich hinter dieser Maske ein eiskalter Killerverbirgt, wird Sean und Derek allerdings bald klar. Denn Cale ist nun hinter ihnen her Packende Unterhaltung aus den USA: In dem fesselnden Thriller von Dean Devlin (Erfolgsproduzent von INDEPENDENCE DAY, GODZILLA, DER PATRIOT) schafft der Regisseur eine Paraderolle für David Tennant als furchteinflößender, psychopathischer Bösewicht.</marc:subfield>
   </marc:datafield>
   <marc:datafield ind1=" " ind2=" " tag="020">
      <marc:subfield code="a">KNVTitelnr.:</marc:subfield>
      <marc:subfield code="9">KNVTitelnr.:</marc:subfield>
   </marc:datafield>
   <marc:datafield ind1=" " ind2=" " tag="041">
      <marc:subfield code="a">ger</marc:subfield>
   </marc:datafield>
   <marc:datafield ind1="0" ind2=" " tag="490">
      <marc:subfield code="v">0</marc:subfield>
   </marc:datafield>
   <marc:datafield ind1=" " ind2=" " tag="300">
      <marc:subfield code="a">110' : 1 DVD</marc:subfield>
   </marc:datafield>
</marc:record>
